000 00931nam a2200265Ia 4500
003 OSt
005 20220923222030.0
006 a|||||r|||| 00| 0
007 ta
008 220922b |||||||| |||| 00| 0 kan d
024 _a201,918
037 _cTextual
040 _aARTS
_cARTS
_bkan
041 _2kan
_akan
082 _aO33,3N06,NS, 152L7
100 _aअप्णाराय, मिर्जि
245 0 _aनिसर्ग्र, अन ुबी आर नारायण
246 _aNisargra, an ubī ār nārāyaṇa
260 _aदिल्ली
_b नेशनल बुक ट्र्स्ट
_c1977
300 _a262पृ0
_ccm.
650 _a कन्नड़ साहित्य
_9156264
650 _aकन्नड़ कहानी
942 _hO33,3N06,NS, 152L7
_cTEXL
_2CC
999 _c353457
_d353457